Systems Analysis and Design Methods
Enregistré dans:
| Auteur principal: | |
|---|---|
| Autres auteurs: | , |
| Format: | Livre |
| Langue: | anglais |
| Publié: |
Homewood
IRWIN
1989
|
| Édition: | 2. ed. |
| Sujets: | |
| Tags: |
Pas de tags, Soyez le premier à ajouter un tag!
|
MARC
| LEADER | 00000nam a2200000 4500 | ||
|---|---|---|---|
| 001 | c010075 | ||
| 005 | 20221215114524.9 | ||
| 020 | |a 0-256-07493-3 | ||
| 041 | 0 | |a eng | |
| 044 | |a US | ||
| 245 | 1 | 0 | |a Systems Analysis and Design Methods |c Jeffrey L. Whitten, Lonnie D. Bentley, Victor M. Barlow |
| 250 | |a 2. ed. | ||
| 264 | 1 | |a Homewood |b IRWIN |c 1989 | |
| 300 | |a 797 s. | ||
| 610 | 2 | 0 | |a systémy informačné |
| 610 | 2 | 0 | |a analýza systémová |
| 610 | 2 | 0 | |a projektovanie |
| 610 | 2 | 0 | |a systémy počítačové |
| 610 | 2 | 0 | |a štúdie prípadové |
| 100 | 1 | |a Whitten, Jeffrey L. | |
| 700 | 1 | |a Bentley, Lonnie D. | |
| 700 | 1 | |a Barlow, Victor M. | |